| 000 | 00719cam a2200253 4500 | ||
|---|---|---|---|
| 008 | 090401t1992 xxu||||| |||| 00| 0 eng d | ||
| 020 | _a0854065423 | ||
| 035 | _a(Sirsi) u55961 | ||
| 041 | _aeng | ||
| 050 |
_a333.007 _c18 |
||
| 090 | _aRICS 1992/52ABCD | ||
| 100 | _aGallimore, Paul | ||
| 245 | _aIn-house training in general practice surveying | ||
| 260 |
_aLondon _bRICS _c1992 |
||
| 300 |
_a20p. _c30cm. |
||
| 350 | _a4.95 | ||
| 490 |
_aRICS Research Paper Series _v(9) |
||
| 650 | _aGENERAL PRACTICE | ||
| 650 | _aIN-HOUSE TRAINING | ||
| 690 | _aMANAGEMENT-BUSINESS MANAGEMENT-PROFESSIONAL PRACTICE | ||
| 710 |
_aRoyal Institution of Chartered Surveyors _94900 |
||
| 942 | _n0 | ||
| 948 | _c04/03/1997 | ||
| 999 |
_c93695 _d93695 |
||